LIBRARY & INFORMATION CENTRE, KCAET, TAVANUR

ONLINE PUBLIC ACCESS CATALOGUE (OPAC)

Theory of atomic spectra (Record no. 1610)

MARC details
000 -LEADER
fixed length control field 00455cam a2200193ua 4500
041 ## - LANGUAGE CODE
Language code of text/sound track or separate title eng
082 ## - DEWEY DECIMAL CLASSIFICATION NUMBER
Classification number 539.7
Item number CON/TH
100 ## - MAIN ENTRY--AUTHOR NAME
Personal name Condon, E V .
245 ## - TITLE STATEMENT
Title Theory of atomic spectra
250 ## - EDITION STATEMENT
Edition statement 1 /
260 ## - PUBLICATION, DISTRIBUTION, ETC. (IMPRINT)
Place of publication London :
Name of publisher Cambridge at the University Press ,
Year of publication 1963.
300 ## - PHYSICAL DESCRIPTION
Number of Pages 441 ; .
700 1# - ADDED ENTRY--PERSONAL NAME
Personal name Shortley, G H .
942 ## - ADDED ENTRY ELEMENTS (KOHA)
Koha item type Books
Holdings
Withdrawn status Lost status Damaged status Home library Current library Date acquired Full call number Accession Number Koha item type
      KAUAET KAUAET 07/04/2012 539.7 CON/TH 5483 Books
free website counter